Dartspieler nach Spitznamen - Statistiken

Allgemein
  • Dieses Quiz wurde 356 mal gespielt
  • Das Durchschnittsergebnis liegt bei 17 aus 20
Antwortstatistiken
Spitzname Name % Korrekt
Iceman Gerwyn Price
99%
German Giant Gabriel Clemens
98%
The Nuke Luke Littler
98%
Bully Boy Michael Smith
97%
Snakebite Peter Wright
96%
Mighty Mike Michael van Gerwen
95%
Chizzy Dave Chisnall
92%
The Flying Scotsman Gary Anderson
92%
Maximiser Max Hopp
92%
Barney Raymond van Barneveld
92%
Pikachu Ricardo Pietreczko
90%
The Wall Martin Schindler
86%
The Power Phil Taylor
86%
The Bullet Stephen Bunting
85%
The Voltage Rob Cross
81%
Queen of the Palace Fallon Sherrock
80%
The Wizard Simon Whitlock
69%
Jackpot Adrian Lewis
66%
The Machine James Wade
64%
The Gentle Mensur Suljovic
53%
Keine übereinstimmenden Quizze gefunden
Verteilung der Resultate
Anzahl Personen mit jedem Resultat
Perzentil nach korrekt beantworteten Fragen
Ihre Resultats-Entwicklung
Sie haben dieses Quiz noch nicht gespielt